000 00287cam a2200109ua 4500
082 _a822
_bSHA/CO
100 _aShakespeare, William.
_91841
245 _aComplete Works of William Shakespeare /
260 _aLondon :
_bOxford University Press ,
_c1963.
300 _a1163 ; .
942 _cBK
999 _c4444
_d4444